[Event "M.Botvinnik Memorial 2012"]
[Site "St. Petersburg, Russia"]
[Date "2012.08.30"]
[Round "6.84"]
[White "Shakirova, Renata"]
[Black "Poltoratsky, Daniil"]
[Result "1/2-1/2"]
[WhiteElo "1722"]
[BlackElo "2109"]
[PlyCount "116"]
[EventDate "2012.08.25"]

1. e4 d5 2. exd5 Nf6 3. d4 Qxd5 4. c4 Qe4+ 5. Be3 Bg4 6. Qb3 Bc8 7. Nc3 Qf5 8.
Qb5+ c6 9. Qxf5 Bxf5 10. Nf3 e6 11. a3 Bd6 12. Ne5 Bxe5 13. dxe5 Ng4 14. Bd4
Nd7 15. f4 f6 16. exf6 gxf6 17. h3 Nh6 18. g4 Bg6 19. b4 e5 20. Be3 exf4 21.
Bxf4 Nf7 22. Be2 Nfe5 23. O-O O-O-O 24. b5 Rhe8 25. Rfd1 Nb6 26. c5 Nbd7 27.
bxc6 bxc6 28. Rd6 Nxc5 29. Bxe5 Rxe5 30. Rxc6+ Kd7 31. Rxf6 Ke7 32. Raf1 Rd2
33. Bc4 Ne4 34. Nxe4 Rxe4 35. Bb5 Rb2 36. a4 Rb3 37. R6f3 Ree3 38. Rxe3+ Rxe3
39. Kh2 Kd6 40. Rf6+ Kc5 41. Ra6 Re7 42. Kg3 Kd4 43. Rd6+ Ke3 44. Rd7 Rxd7 45.
Bxd7 a5 46. Bf5 Be8 47. Bxh7 Bxa4 48. g5 Bc6 49. g6 Be4 50. Kg4 a4 51. Kg5 a3
52. Bg8 Bb1 53. g7 a2 54. Bxa2 Bxa2 55. h4 Ke4 56. h5 Bg8 57. h6 Bh7 58. Kf6
Kf4 1/2-1/2

[Event "M.Botvinnik Memorial 2012"]
[Site "St. Petersburg, Russia"]
[Date "2012.08.30"]
[Round "6.86"]
[White "Sorokina, Svetlana"]
[Black "Pershin, Denis"]
[Result "1/2-1/2"]
[WhiteElo "1713"]
[BlackElo "2103"]
[PlyCount "90"]
[EventDate "2012.08.25"]

1. d4 Nf6 2. c4 e6 3. Nc3 Bb4 4. e3 O-O 5. Nf3 d5 6. Bd3 b6 7. O-O Bb7 8. cxd5
exd5 9. Qc2 Re8 10. a3 Bf8 11. b4 Nbd7 12. b5 a6 13. bxa6 Bxa6 14. Bxa6 Rxa6
15. Rd1 Qa8 16. Nb5 Rc8 17. Bb2 c6 18. Rdc1 Ra5 19. a4 Nb8 20. Ne5 Ne4 21. f3
Nd6 22. Nxd6 Bxd6 23. Nxf7 Bc7 24. Ng5 g6 25. e4 Bf4 26. Ne6 Be3+ 27. Kh1 Bxc1
28. Rxc1 Qb7 29. exd5 Rxd5 30. Nf4 Rdd8 31. Qc3 h6 32. Nxg6 Qg7 33. Qc4+ Kh7
34. Nf4 Qf6 35. Qc2+ Kg8 36. d5 Qf7 37. Qc3 Kh7 38. Qd3+ Kg8 39. Qd4 Kh7 40.
Qe4+ Kg8 41. Qe5 Kh7 42. Nh5 Nd7 43. Qe4+ Kg8 44. Qd4 Kh7 45. Qe4+ Kg8 1/2-1/2

[Event "M.Botvinnik Memorial 2012"]
[Site "St. Petersburg, Russia"]
[Date "2012.08.30"]
[Round "6.87"]
[White "Petrochenko, Maria"]
[Black "Savinov, Leonid"]
[Result "0-1"]
[WhiteElo "1694"]
[BlackElo "2208"]
[PlyCount "72"]
[EventDate "2012.08.25"]

1. d4 d5 2. c4 e6 3. Nf3 dxc4 4. Qa4+ Nd7 5. Qxc4 Ngf6 6. Nc3 Nb6 7. Qd3 Be7 8.
g3 O-O 9. Bg2 c5 10. O-O c4 11. Qc2 Bd7 12. Ne5 Nbd5 13. Nxc4 Rc8 14. Ne3 Nxc3
15. bxc3 b5 16. Qd3 Qb6 17. Bb2 Rfd8 18. Qd1 a5 19. a3 a4 20. Qd2 Bc6 21. Nc2
Bxg2 22. Kxg2 Ne4 23. Qe3 Nxc3 24. Qf3 Nxe2 25. Qxe2 Qc6+ 26. f3 Qxc2 27. Rf2
Qxe2 28. Rxe2 Bf6 29. Rd1 Rd5 30. Red2 h5 31. f4 Rc4 32. Kf3 b4 33. Ke4 bxa3
34. Bxa3 Rc3 35. Bb2 Rb3 36. Ba1 Bxd4 0-1

[Event "M.Botvinnik Memorial 2012"]
[Site "St. Petersburg, Russia"]
[Date "2012.08.30"]
[Round "6.88"]
[White "Lagashin, Pavel"]
[Black "Kaneyama, Men Cher"]
[Result "1-0"]
[WhiteElo "2175"]
[BlackElo "1955"]
[PlyCount "49"]
[EventDate "2012.08.25"]

1. c4 e5 2. g3 d6 3. Bg2 f5 4. Nc3 Nf6 5. d4 exd4 6. Qxd4 Nc6 7. Qd2 g6 8. Nh3
Bg7 9. O-O O-O 10. Nf4 Ne5 11. b3 c6 12. Bb2 h6 13. Rad1 g5 14. Na4 Qe8 15. Nh3
Nf7 16. f3 Be6 17. Nf2 Rd8 18. e4 d5 19. cxd5 cxd5 20. exf5 Bxf5 21. Rfe1 Qd7
22. g4 Bg6 23. Nc5 Qb5 24. Ne6 Rc8 25. Nxg7 1-0

[Event "M.Botvinnik Memorial 2012"]
[Site "St. Petersburg, Russia"]
[Date "2012.08.30"]
[Round "6.89"]
[White "Zakharov, Yuri"]
[Black "Ljubarov, Mark"]
[Result "0-1"]
[WhiteElo "1907"]
[BlackElo "2158"]
[PlyCount "58"]
[EventDate "2012.08.25"]

1. Nf3 Nf6 2. g3 g6 3. Bg2 Bg7 4. d3 O-O 5. O-O c5 6. Nbd2 Nc6 7. e4 d5 8. Re1
e5 9. c3 Re8 10. Qc2 Be6 11. Nf1 h6 12. Nh4 Qd7 13. Be3 d4 14. Bd2 dxc3 15.
Bxc3 Red8 16. Nf3 Qxd3 17. Qxd3 Rxd3 18. Nxe5 Rxc3 19. Nxc6 Rc2 20. Ne7+ Kf8
21. Nd5 Rxb2 22. Nc7 Rd8 23. Nxe6+ fxe6 24. Bh3 Ke7 25. f4 c4 26. Ne3 Nxe4 27.
Nxc4 Bd4+ 28. Kh1 Rc2 29. Rac1 Nf2+ 0-1

[Event "M.Botvinnik Memorial 2012"]
[Site "St. Petersburg, Russia"]
[Date "2012.08.30"]
[Round "6.90"]
[White "Dyakov, Vladislav"]
[Black "Korchagina, Viktoria"]
[Result "0-1"]
[WhiteElo "1855"]
[BlackElo "2071"]
[PlyCount "72"]
[EventDate "2012.08.25"]

1. e4 c5 2. Nf3 d6 3. d4 cxd4 4. Nxd4 Nf6 5. Nc3 a6 6. Be2 e5 7. Nb3 Be7 8. Be3
O-O 9. O-O Be6 10. Qd3 Nc6 11. a3 b5 12. Nd5 Bxd5 13. exd5 Na5 14. Nxa5 Qxa5
15. b4 Qc7 16. a4 e4 17. Qd2 Qb7 18. Rfd1 Nd7 19. Ra2 Ne5 20. Rda1 Nc4 21. Bxc4
bxc4 22. Rb1 f5 23. b5 f4 24. Bxf4 c3 25. Qe3 Qxd5 26. Raa1 axb5 27. axb5 Rxa1
28. Rxa1 Bf6 29. Re1 Re8 30. b6 Bd4 31. Qg3 Bxb6 32. Qxc3 Ba5 33. Qe3 Bxe1 34.
Qxe1 Rc8 35. c3 Qd3 36. Bd2 Rb8 0-1

[Event "M.Botvinnik Memorial 2012"]
[Site "St. Petersburg, Russia"]
[Date "2012.08.30"]
[Round "6.91"]
[White "Potyavin, Igor"]
[Black "Boytsov, Alexander"]
[Result "0-1"]
[WhiteElo "2053"]
[BlackElo "1920"]
[PlyCount "82"]
[EventDate "2012.08.25"]

1. d4 d5 2. c4 e6 3. Nc3 c5 4. cxd5 exd5 5. Nf3 Nf6 6. g3 Nc6 7. Bg2 Be7 8. O-O
O-O 9. a3 b6 10. Bg5 Be6 11. Rc1 Rc8 12. Qa4 h6 13. Be3 c4 14. h3 Na5 15. Nd2
a6 16. Qd1 Qd7 17. Kh2 Nh7 18. f3 b5 19. Bf2 Nc6 20. e4 dxe4 21. Ndxe4 Rfd8 22.
Ne2 Nf6 23. N4c3 Na5 24. d5 Qb7 25. f4 Bxd5 26. Nxd5 Nxd5 27. Nc3 Nxc3 28. Bxb7
Nxd1 29. Bxc8 Nxf2 30. Rxf2 Rxc8 31. Re2 Bf6 32. Rd1 Nb3 33. Rd6 a5 34. g4 Kh7
35. Rg2 c3 36. bxc3 Rxc3 37. Rd5 Rc5 38. Rd7 Nd4 39. h4 Rc3 40. g5 Nf3+ 41. Kh3
Ne5+ 0-1

[Event "M.Botvinnik Memorial 2012"]
[Site "St. Petersburg, Russia"]
[Date "2012.08.30"]
[Round "6.92"]
[White "Nikomanis, Andreas"]
[Black "Bezulenko, Evgeny"]
[Result "1-0"]
[WhiteElo "2049"]
[BlackElo "1915"]
[PlyCount "65"]
[EventDate "2012.08.25"]

1. e4 e6 2. d4 d5 3. exd5 exd5 4. c4 Bb4+ 5. Nc3 Qe7+ 6. Be3 Nf6 7. Be2 O-O 8.
Nf3 Ng4 9. Bg5 f6 10. Bf4 Re8 11. h3 Nh6 12. Bxh6 gxh6 13. Kf1 Bxc3 14. bxc3
Be6 15. cxd5 Bxd5 16. Qd2 Nd7 17. h4 Rad8 18. Re1 Kh8 19. Bd3 Qf7 20. Rxe8+
Rxe8 21. Rh3 Bxa2 22. Bf5 Be6 23. Bxe6 Qxe6 24. Qxh6 Qf5 25. Kg1 Rg8 26. Rg3
Rxg3 27. fxg3 a5 28. Qe3 Kg8 29. Qe7 c6 30. h5 h6 31. Nh4 Qd5 32. g4 a4 33. Nf5
1-0

[Event "M.Botvinnik Memorial 2012"]
[Site "St. Petersburg, Russia"]
[Date "2012.08.30"]
[Round "6.93"]
[White "Aleksandrov, Grigoriy"]
[Black "Klukin, Kirill"]
[Result "0-1"]
[WhiteElo "1845"]
[BlackElo "2025"]
[PlyCount "136"]
[EventDate "2012.08.25"]

1. d4 Nf6 2. c4 g6 3. Nc3 Bg7 4. e3 O-O 5. Nf3 d6 6. Be2 Nbd7 7. O-O e5 8. dxe5
dxe5 9. e4 c6 10. b3 Qe7 11. a4 Rd8 12. Ba3 Qe8 13. Qc2 Nf8 14. Rad1 Bg4 15.
Bd6 Nh5 16. g3 Ne6 17. Nxe5 Bxe2 18. Nxe2 Rxd6 19. Rxd6 Bxe5 20. Rd2 c5 21. f4
Nd4 22. Nxd4 Bxd4+ 23. Kg2 Nf6 24. Re1 Qc6 25. Rde2 Re8 26. Kh3 Kg7 27. e5 Nd7
28. Qe4 Qxe4 29. Rxe4 Nb8 30. g4 Nc6 31. Rc1 g5 32. fxg5 Rxe5 33. Rxe5 Nxe5 34.
Re1 Kg6 35. Kg3 Kxg5 36. h4+ Kg6 37. Rf1 f6 38. h5+ Kg7 39. Kf4 Nc6 40. Kf5 Kf7
41. g5 Be5 42. Ke4 Nd4 43. gxf6 Bxf6 44. Kd5 b6 45. Rb1 a5 46. Kd6 Bg5 47. Rb2
Bf4+ 48. Kd7 Kg7 49. Rf2 Bc1 50. Kc7 Ba3 51. Kxb6 Bb4 52. h6+ Kxh6 53. Rh2+ Kg6
54. Rg2+ Kf5 55. Rh2 Kg6 56. Rg2+ Kh5 57. Rh2+ Kg4 58. Rxh7 Nxb3 59. Rf7 Nd2
60. Kb5 Nb1 61. Kc6 Nc3 62. Rf2 Kg3 63. Rc2 Ne4 64. Kd5 Kf4 65. Rc1 Ke3 66. Rh1
Nc3+ 67. Ke6 Kd3 68. Rh4 Nxa4 0-1

[Event "M.Botvinnik Memorial 2012"]
[Site "St. Petersburg, Russia"]
[Date "2012.08.30"]
[Round "6.94"]
[White "Kopasov, Evgeny"]
[Black "Egorov, Daniil"]
[Result "1-0"]
[WhiteElo "2007"]
[BlackElo "1824"]
[PlyCount "81"]
[EventDate "2012.08.25"]

1. d4 Nf6 2. c4 c5 3. d5 e6 4. Nc3 exd5 5. cxd5 d6 6. Nf3 g6 7. Bf4 Bg7 8. Qa4+
Bd7 9. Qb3 Bc8 10. e4 O-O 11. Bd3 Re8 12. O-O a6 13. a4 Qe7 14. Rfe1 Nbd7 15.
e5 dxe5 16. Nxe5 Nh5 17. Nf3 Qf8 18. Rxe8 Qxe8 19. Bd6 Bf8 20. Bxf8 Qxf8 21.
Re1 Nf4 22. Bc4 Nf6 23. Qb6 N6h5 24. Ng5 Bf5 25. d6 Be6 26. Bxe6 Nxe6 27. Nxe6
fxe6 28. Rxe6 Nf6 29. Qxc5 Re8 30. Rxe8 Qxe8 31. Qc4+ Kg7 32. Kf1 Kf8 33. b3 h6
34. Qf4 Kg7 35. Qd4 Qc6 36. f3 h5 37. Ne4 Qc1+ 38. Kf2 Qc2+ 39. Kg3 Qc1 40.
Qxf6+ Kg8 41. Qxg6+ 1-0

[Event "M.Botvinnik Memorial 2012"]
[Site "St. Petersburg, Russia"]
[Date "2012.08.30"]
[Round "6.95"]
[White "Fokin, Anatoly"]
[Black "Van Den Ouden, Lendert"]
[Result "0-1"]
[WhiteElo "1803"]
[BlackElo "2000"]
[PlyCount "68"]
[EventDate "2012.08.25"]

1. d4 d5 2. c4 c6 3. e3 Nf6 4. Nc3 a6 5. a3 Bf5 6. Nf3 e6 7. c5 Nbd7 8. b4 Be7
9. Bb2 Ne4 10. Be2 O-O 11. O-O Bf6 12. Nxe4 Bxe4 13. Nd2 Bg6 14. f4 Be7 15. Nf3
Bh5 16. Qe1 f5 17. h3 Nf6 18. Bd3 Ne4 19. a4 Bxf3 20. gxf3 Bh4 21. Qc1 Ng3 22.
Rf2 Nh5 23. Rg2 Bg3 24. Re2 Qh4 25. Bc3 Qxh3 26. Raa2 Rf6 27. Qf1 Qh4 28. Rh2
Bxh2+ 29. Rxh2 Rg6+ 30. Rg2 Ng3 31. Qe1 Qh1+ 32. Kf2 Qh3 33. Qg1 Nh1+ 34. Kf1
Qxf3+ 0-1

[Event "M.Botvinnik Memorial 2012"]
[Site "St. Petersburg, Russia"]
[Date "2012.08.30"]
[Round "6.96"]
[White "Dushin, Nikolay"]
[Black "Kosov, Igor"]
[Result "1/2-1/2"]
[WhiteElo "1998"]
[BlackElo "1807"]
[PlyCount "78"]
[EventDate "2012.08.25"]

1. Nf3 Nf6 2. c4 g6 3. b3 Bg7 4. Bb2 O-O 5. g3 b6 6. Bg2 Bb7 7. O-O c6 8. Qc2
d5 9. d3 Nbd7 10. Nbd2 Re8 11. d4 Rc8 12. e4 dxe4 13. Nxe4 Nxe4 14. Qxe4 Nf6
15. Qc2 e6 16. Rfd1 Qc7 17. b4 Red8 18. a4 a5 19. bxa5 bxa5 20. c5 Ba6 21. Bf1
Bxf1 22. Kxf1 Nd5 23. Nd2 h5 24. Nc4 h4 25. Kg2 Rb8 26. Bc1 Bf6 27. Be3 Kg7 28.
Rab1 e5 29. Rxb8 Rxb8 30. dxe5 Nxe3+ 31. fxe3 Bxe5 32. Qe4 f6 33. Qg4 Rd8 34.
Rxd8 Qxd8 35. gxh4 Qd5+ 36. Kh3 f5 37. Qe2 Bc7 38. Qb2+ Kh7 39. Nd2 Qxc5
1/2-1/2

[Event "M.Botvinnik Memorial 2012"]
[Site "St. Petersburg, Russia"]
[Date "2012.08.30"]
[Round "6.97"]
[White "Fedoseeva, Valentina"]
[Black "Kokhnover, Ilya"]
[Result "1-0"]
[WhiteElo "1957"]
[BlackElo "1743"]
[PlyCount "111"]
[EventDate "2012.08.25"]

1. e4 c5 2. Nf3 e6 3. d3 Nc6 4. g3 a6 5. a4 d6 6. Bg2 Nf6 7. O-O Be7 8. Re1 Qc7
9. Nbd2 e5 10. Nc4 Be6 11. Ne3 O-O-O 12. Bd2 b6 13. c3 Kd7 14. Nd5 Qb7 15. Nxe7
Kxe7 16. Ng5 Bc8 17. Qc2 h6 18. Nf3 Rhe8 19. Rac1 Bd7 20. Nh4 Kf8 21. f4 Qa7
22. Rf1 Ng8 23. fxe5 g5 24. Nf5 Bxf5 25. Rxf5 dxe5 26. Rcf1 f6 27. h4 Kg7 28.
hxg5 hxg5 29. Be3 Nce7 30. R5f2 Ng6 31. Bf3 Rd6 32. Rd2 Rc8 33. Qb3 c4 34. dxc4
Rxd2 35. Bxd2 Rxc4 36. Be3 Rc8 37. Qxb6 Qxb6 38. Bxb6 Rb8 39. a5 N6e7 40. b4
Rc8 41. Bc5 Nc6 42. Rd1 Nxa5 43. Bg4 Rc7 44. Rd3 Nb7 45. Bb6 Re7 46. Bc8 Nh6
47. c4 Nf7 48. c5 Kh6 49. Kg2 Kg7 50. Kf3 Kh6 51. g4 Kg7 52. Ke3 Kf8 53. c6
Nbd6 54. Bxa6 Re8 55. c7 Ke7 56. Bc5 1-0

[Event "M.Botvinnik Memorial 2012"]
[Site "St. Petersburg, Russia"]
[Date "2012.08.30"]
[Round "6.98"]
[White "Lyazhkov, Sergey"]
[Black "Yakovlev, Yuri S"]
[Result "1/2-1/2"]
[WhiteElo "1769"]
[BlackElo "2035"]
[PlyCount "112"]
[EventDate "2012.08.25"]

1. e4 c5 2. Nf3 e6 3. d4 cxd4 4. Nxd4 a6 5. Bd3 b5 6. a4 b4 7. O-O Bb7 8. Qe2
Qc7 9. Bd2 Bd6 10. f4 Bc5 11. Be3 Nf6 12. Nd2 h5 13. N4b3 Bxe3+ 14. Qxe3 Ng4
15. Qc5 Qxc5+ 16. Nxc5 Bc6 17. Nc4 d5 18. exd5 Bxd5 19. Nb6 Ra7 20. Rae1 O-O
21. f5 Rc7 22. Nxd5 exd5 23. Nb3 Rfc8 24. Rf4 a5 25. Nd4 Nc6 26. Nb5 Re7 27.
Rxe7 Nxe7 28. Nd6 Rc7 29. Nb5 Rc5 30. Nd4 Rc8 31. Nb3 Nc6 32. Be2 Ne3 33. Bxh5
Nxc2 34. f6 gxf6 35. Rxf6 Rc7 36. Bxf7+ Kg7 37. Rf2 Ne3 38. Re2 Re7 39. Bh5 Re5
40. Bf3 Kf6 41. Kf2 Nc4 42. Ke1 Rxe2+ 43. Kxe2 Nxb2 44. Bxd5 Ne7 45. Be4 Nxa4
46. Nxa5 Nc5 47. Bc2 Nd5 48. Kf3 Ne6 49. Nb3 Ke5 50. h4 Nd4+ 51. Nxd4 Kxd4 52.
g4 Ke5 53. Bb3 Nf6 54. h5 Nxg4 55. Kxg4 Kf6 56. Kh4 Kg7 1/2-1/2

[Event "M.Botvinnik Memorial 2012"]
[Site "St. Petersburg, Russia"]
[Date "2012.08.30"]
[Round "6.99"]
[White "Bykova, Anastasia"]
[Black "Kholova, Elena"]
[Result "1-0"]
[WhiteElo "2013"]
[BlackElo "1753"]
[PlyCount "55"]
[EventDate "2012.08.25"]

1. d4 Nf6 2. Nf3 b6 3. Bf4 Bb7 4. e3 c5 5. c3 e6 6. h3 Be7 7. Be2 O-O 8. O-O d6
9. Nbd2 Nbd7 10. a4 a5 11. Bh2 Ne4 12. Nxe4 Bxe4 13. dxc5 dxc5 14. Bb5 Ra7 15.
Nd2 Ba8 16. Nc4 Nf6 17. Qxd8 Bxd8 18. Bd6 Be7 19. Bxe7 Rxe7 20. Nxb6 Bd5 21.
Nxd5 Nxd5 22. Rfd1 f5 23. Rd2 Kf7 24. Rad1 Rc7 25. Bc4 Nf6 26. Rd6 Re7 27. Ra6
Rb8 28. Bb5 1-0

[Event "M.Botvinnik Memorial 2012"]
[Site "St. Petersburg, Russia"]
[Date "2012.08.30"]
[Round "6.100"]
[White "Lysukha, Nikita"]
[Black "Andreeva, Yulia"]
[Result "0-1"]
[WhiteElo "1759"]
[BlackElo "1928"]
[PlyCount "78"]
[EventDate "2012.08.25"]

1. d4 d5 2. c4 e6 3. Nc3 c6 4. Nf3 dxc4 5. a4 Bb4 6. e3 b5 7. Bd2 a5 8. axb5
Bxc3 9. Bxc3 cxb5 10. b3 Bb7 11. bxc4 b4 12. Bb2 Nf6 13. Bd3 O-O 14. O-O Nbd7
15. Nd2 Qc7 16. f4 Nb6 17. e4 Ba6 18. Qe2 a4 19. c5 Bxd3 20. Qxd3 Nbd7 21. Qc4
Rfb8 22. Rf3 Qc6 23. Re3 Nh5 24. g3 Nhf6 25. h3 h5 26. Kf1 Rb5 27. Kf2 Nf8 28.
Rb3 Nxe4+ 29. Nxe4 Qxe4 30. Rxb4 Rxb4 31. Qxb4 h4 32. Qe1 Qd3 33. Qe3 Qc2+ 34.
Qe2 hxg3+ 35. Kf3 Qb3+ 36. Kg2 Ng6 37. Bc1 Nh4+ 38. Kh1 Qd5+ 39. Kg1 Qxd4+ 0-1

[Event "M.Botvinnik Memorial 2012"]
[Site "St. Petersburg, Russia"]
[Date "2012.08.30"]
[Round "6.101"]
[White "Katyshkina, Anastasia"]
[Black "Bezobrazov, Lev"]
[Result "1-0"]
[WhiteElo "1923"]
[BlackElo "1675"]
[PlyCount "117"]
[EventDate "2012.08.25"]

1. e4 e5 2. Nf3 Nc6 3. d4 exd4 4. Bc4 Bc5 5. O-O Nge7 6. Ng5 d5 7. exd5 Ne5 8.
Bb3 Bg4 9. Qe1 Bd6 10. f4 N5g6 11. h3 Bd7 12. f5 Ne5 13. Bf4 f6 14. Ne6 Bxe6
15. dxe6 a6 16. Nd2 N5c6 17. Ne4 Nxf5 18. Nxd6+ Nxd6 19. Qg3 Qe7 20. Bxd6 cxd6
21. Rad1 O-O 22. Rf5 Kh8 23. a3 g6 24. Rf4 Rad8 25. Bd5 Rde8 26. Bxc6 bxc6 27.
Rfxd4 d5 28. Re1 f5 29. c3 Kg8 30. Rd2 f4 31. Qd3 a5 32. c4 Qg5 33. cxd5 cxd5
34. Qxd5 Qxd5 35. Rxd5 Ra8 36. Kf2 h6 37. Ree5 Rfb8 38. Re2 g5 39. Kf3 Kg7 40.
h4 Re8 41. hxg5 hxg5 42. Rxg5+ Kf6 43. Rge5 Re7 44. Kxf4 Ra6 45. g4 Kg6 46.
Rg5+ Kf6 47. Rge5 Kg6 48. g5 Kg7 49. Kf5 Ra8 50. Rd5 Rf8+ 51. Kg4 Ra8 52. Ree5
Rb8 53. Rd7 Kf8 54. Rxa5 Ke8 55. Rxe7+ Kxe7 56. b4 Kxe6 57. b5 Kd6 58. a4 Kc5
59. g6 1-0

[Event "M.Botvinnik Memorial 2012"]
[Site "St. Petersburg, Russia"]
[Date "2012.08.30"]
[Round "6.102"]
[White "Toporkova, Sofia"]
[Black "Kozlov, Mikhail"]
[Result "1/2-1/2"]
[WhiteElo "1729"]
[BlackElo "1872"]
[PlyCount "97"]
[EventDate "2012.08.25"]

1. c4 Nf6 2. g3 c6 3. d4 d5 4. b3 dxc4 5. bxc4 e5 6. e3 exd4 7. exd4 Bb4+ 8.
Nd2 Qxd4 9. Rb1 Na6 10. Ngf3 Qe4+ 11. Qe2 Qxe2+ 12. Bxe2 O-O 13. a3 Bd6 14. O-O
Nc5 15. Bb2 Re8 16. Rfe1 Bf5 17. Rbd1 Bd3 18. Bxd3 Nxd3 19. Rxe8+ Nxe8 20. Rb1
Nxb2 21. Rxb2 b6 22. Rb3 c5 23. Rd3 f5 24. Kg2 Rd8 25. Ng5 Be7 26. Rxd8 Bxd8
27. Ne6 Bf6 28. Kf3 Kf7 29. Nf4 Nd6 30. Ke2 Bg5 31. Kf3 Bxf4 32. Kxf4 Kf6 33.
h4 b5 34. cxb5 c4 35. a4 c3 36. Nb3 Nc4 37. Kf3 Ke5 38. Ke2 f4 39. g4 Nb2 40.
a5 Kd5 41. Nc1 Kc5 42. b6 axb6 43. axb6 Kxb6 44. Na2 Kc5 45. Nxc3 Kd4 46. Nb5+
Ke5 47. Kf3 Nd3 48. g5 Ne1+ 49. Kg4 1/2-1/2

[Event "M.Botvinnik Memorial 2012"]
[Site "St. Petersburg, Russia"]
[Date "2012.08.30"]
[Round "6.103"]
[White "Veelenturf, Wim"]
[Black "Glazov, Anatoly"]
[Result "1/2-1/2"]
[WhiteElo "1690"]
[BlackElo "1856"]
[PlyCount "101"]
[EventDate "2012.08.25"]

1. e4 e5 2. Bc4 Nf6 3. d3 Bc5 4. Nc3 c6 5. Bg5 Qb6 6. Na4 Bxf2+ 7. Kf1 Qa5 8.
Kxf2 Qxa4 9. Bxf6 gxf6 10. Nf3 Qb4 11. Bb3 d5 12. Qe1 Qxe1+ 13. Rhxe1 d4 14. c3
c5 15. cxd4 cxd4 16. Bd5 Nc6 17. Bxc6+ bxc6 18. Rac1 Kd7 19. Rc5 Rb8 20. b3 Rb5
21. Rec1 Rxc5 22. Rxc5 Kc7 23. b4 Kb6 24. a3 Rg8 25. g3 Be6 26. Nh4 Ra8 27. Ra5
a6 28. Nf3 Rb8 29. Nd2 Ka7 30. Rc5 Rb6 31. Kf3 Kb7 32. g4 Rb5 33. Rxb5+ cxb5
34. h3 a5 35. Kg3 a4 36. Kh4 Kc7 37. Kh5 Kd8 38. Kh6 Ke7 39. Kxh7 Kf8 40. Kh6
Bb3 41. Nf3 Bd1 42. Ne1 Be2 43. Kh7 Bd1 44. Ng2 Bf3 45. Ne1 Be2 46. Kh6 Kg8 47.
Kh5 Kg7 48. Kh4 Kg6 49. Kg3 Kg5 50. h4+ Kg6 51. Kh3 1/2-1/2

[Event "M.Botvinnik Memorial 2012"]
[Site "St. Petersburg, Russia"]
[Date "2012.08.30"]
[Round "6.104"]
[White "Klimshin, Ilia"]
[Black "Timirev, Sergey"]
[Result "1-0"]
[WhiteElo "1678"]
[BlackElo "1848"]
[PlyCount "78"]
[EventDate "2012.08.25"]

1. e4 c5 2. Nf3 Nc6 3. d4 cxd4 4. Nxd4 Nf6 5. Nc3 e5 6. Nxc6 bxc6 7. Bc4 Be7 8.
O-O O-O 9. Qf3 d6 10. h3 Be6 11. Bxe6 fxe6 12. Qe2 Qc7 13. Re1 Kh8 14. Bg5 Rab8
15. Nd1 Rfe8 16. c4 d5 17. exd5 exd5 18. cxd5 Nxd5 19. Bxe7 Rxe7 20. b3 e4 21.
Rc1 Nf4 22. Qa6 c5 23. Rc3 Nd3 24. Re2 Rf8 25. Qc4 Rfe8 26. Ne3 Qd7 27. Nf1 Qd4
28. Ne3 Re5 29. Ng4 R5e6 30. Kh1 h5 31. Ne3 Re5 32. Rcc2 Rf8 33. Kh2 Rg5 34.
Qe6 Rf6 35. Qe8+ Kh7 36. h4 Re5 37. Qa8 Re7 38. Nd5 Rxf2 39. Nxe7 Qe5+ 1-0

[Event "M.Botvinnik Memorial 2012"]
[Site "St. Petersburg, Russia"]
[Date "2012.08.30"]
[Round "6.105"]
[White "Oxener, Aldo"]
[Black "Ladzin, Ivan"]
[Result "0-1"]
[WhiteElo "1513"]
[BlackElo "1791"]
[PlyCount "40"]
[EventDate "2012.08.25"]

1. Nf3 d5 2. d4 Nf6 3. e3 Bf5 4. c4 e6 5. Nc3 c6 6. cxd5 exd5 7. Be2 Bd6 8. O-O
Qc7 9. Bd2 Nbd7 10. Rc1 h6 11. Nb5 Qb8 12. Nxd6+ Qxd6 13. a3 Be4 14. h3 g5 15.
Bb4 Qc7 16. Nh2 h5 17. Re1 g4 18. hxg4 hxg4 19. g3 O-O-O 20. Nxg4 Rh1# 0-1

[Event "M.Botvinnik Memorial 2012"]
[Site "St. Petersburg, Russia"]
[Date "2012.08.30"]
[Round "6.106"]
[White "Molchanov, Alexander"]
[Black "Panov, Konstantin"]
[Result "1-0"]
[WhiteElo "1783"]
[BlackElo "1604"]
[PlyCount "199"]
[EventDate "2012.08.25"]

1. e4 e6 2. d4 d5 3. e5 c5 4. c3 Nc6 5. Nf3 Qb6 6. a3 Bd7 7. b4 cxd4 8. cxd4
Rc8 9. Be2 Nge7 10. O-O Nf5 11. Bb2 Be7 12. Qd3 Na5 13. Nbd2 Nc4 14. Nxc4 dxc4
15. Qd2 a6 16. Rfc1 Qc7 17. Rxc4 Qd8 18. Rxc8 Qxc8 19. Rc1 Qd8 20. Bd3 Bc6 21.
Bxf5 exf5 22. Qd3 Be4 23. Qc4 O-O 24. Qc7 Bc6 25. Rxc6 bxc6 26. Qxc6 Qc8 27. d5
Rd8 28. Nd4 Qd7 29. d6 Bxd6 30. exd6 Qxd6 31. Qxd6 Rxd6 32. g3 g6 33. b5 axb5
34. Kg2 Rb6 35. Bc3 h5 36. Ba5 Rb7 37. Bb4 Kg7 38. Kf3 Rb6 39. h4 f6 40. Ke3
Kf7 41. Kd3 Ke8 42. Kc3 Kd7 43. Bc5 Ra6 44. Kb4 Ra8 45. Kxb5 Rb8+ 46. Bb6 Kd6
47. a4 Rc8 48. a5 Ke5 49. a6 Ke4 50. a7 g5 51. Nc6 Ra8 52. Ka6 f4 53. Kb7 Rxa7+
54. Bxa7 fxg3 55. fxg3 Kf3 56. hxg5 fxg5 57. Bb8 h4 58. Nd4+ Kg4 59. gxh4 gxh4
60. Kc6 Kh3 61. Nf3 Kg4 62. Nh2+ Kh3 63. Kd5 Kg2 64. Ke4 h3 65. Ng4 Kg1 66. Kf3
Kf1 67. Bg3 Kg1 68. Bf2+ Kh1 69. Be3 h2 70. Bf4 Kg1 71. Bxh2+ Kh1 72. Bg3 Kg1
73. Bf2+ Kh1 74. Nf6 Kh2 75. Ne4 Kh3 76. Bg1 Kh4 77. Nf2 Kg5 78. Ke4 Kh4 79.
Bh2 Kg5 80. Ke5 Kg6 81. Bg3 Kg5 82. Ke6 Kg6 83. Ng4 Kg7 84. Nf6 Kh6 85. Bf4+
Kg7 86. Nh5+ Kg6 87. Ng3 Kg7 88. Be3 Kg6 89. Ke7 Kg7 90. Bf4 Kg6 91. Ke6 Kg7
92. Be5+ Kg6 93. Bf6 Kh6 94. Kf7 Kh7 95. Bg5 Kh8 96. Kg6 Kg8 97. Be7 Kh8 98.
Nf5 Kg8 99. Nh6+ Kh8 100. Bf6# 1-0

[Event "M.Botvinnik Memorial 2012"]
[Site "St. Petersburg, Russia"]
[Date "2012.08.30"]
[Round "6.107"]
[White "Rybakova, Polina"]
[Black "Levdansky, Alexey"]
[Result "1-0"]
[WhiteElo "1781"]
[BlackElo "1716"]
[PlyCount "77"]
[EventDate "2012.08.25"]

1. e4 c5 2. Nf3 Nc6 3. d4 cxd4 4. Nxd4 g6 5. c4 Nf6 6. Nc3 Bg7 7. Be3 O-O 8. f3
d6 9. Be2 Bd7 10. Qd2 Nxd4 11. Bxd4 Bc6 12. O-O Nd7 13. Be3 Rc8 14. Rac1 a6 15.
b4 Nf6 16. Rfd1 Qe8 17. Kh1 Rb8 18. Ba7 Ra8 19. Be3 Rb8 20. a3 b5 21. c5 dxc5
22. Bxc5 Nd7 23. Be3 Rc8 24. a4 Nb8 25. axb5 Bxb5 26. Nxb5 Rxc1 27. Rxc1 axb5
28. Rc5 Qd7 29. Qxd7 Nxd7 30. Rxb5 Ra8 31. Ra5 Rb8 32. Ra7 Ne5 33. b5 e6 34. h4
Rc8 35. b6 Rb8 36. Rc7 Bf8 37. b7 h5 38. Ba7 Rxb7 39. Rxb7 1-0

[Event "M.Botvinnik Memorial 2012"]
[Site "St. Petersburg, Russia"]
[Date "2012.08.30"]
[Round "6.110"]
[White "Turetsky, Mark"]
[Black "Klimentiev, Sergey"]
[Result "0-1"]
[WhiteElo "1659"]
[BlackElo "1896"]
[PlyCount "90"]
[EventDate "2012.08.25"]

1. d4 Nf6 2. c4 e6 3. Nc3 c5 4. Bg5 cxd4 5. Qxd4 Nc6 6. Qd2 Bb4 7. Bxf6 Qxf6 8.
Rc1 O-O 9. Nf3 b6 10. g3 Bb7 11. Bg2 Rfd8 12. O-O Rac8 13. a3 Bf8 14. Rfd1 Na5
15. Qd4 Qxd4 16. Nxd4 Bxg2 17. Kxg2 Nxc4 18. Na4 d5 19. Rc3 g6 20. e3 Bg7 21.
Rb3 Na5 22. Rbd3 Nc6 23. Nc3 Nxd4 24. exd4 a6 25. f4 b5 26. R1d2 Rd6 27. Kf3
Bf8 28. g4 b4 29. axb4 Rb6 30. b5 a5 31. h4 Bb4 32. h5 Bxc3 33. bxc3 Rxb5 34.
hxg6 hxg6 35. g5 a4 36. Kg4 Rb3 37. Rc2 a3 38. Rh3 Rb2 39. Rc1 a2 40. Rch1 f5+
41. gxf6 Kf7 42. Rh7+ Kxf6 43. Ra7 Rxc3 44. f5 Rb1 45. Rhh7 exf5+ 0-1